000 01449nam a2200241Ia 4500
999 _c51765
_d51765
001 18757
003 GE_BSU
005 20220919164312.0
008 181216s2013||||ge |||||||||||||| ||geo||
040 _cGE_BSU
041 _ageo
080 _a61 მ-74
100 _aმიქაძე, ია
_911541
245 _aინტერლეიკინ 10 - ს და ინტერლეიკინ 12 - ს პროგნოზული მნიშვნელობა C გეპატიტით პაციენტებში : დისერტაცია /
_cია მიქაძე; სამეცნიერო ხელმძღვანელი ე. ვაშაკიძე; თბილისის სახ-ფო სამედიცინო უნ-ტი.
264 _aთბილისი,
_c2013.
300 _a124 გვ.;
_b30 სმ.
653 _aდისერტაცია
653 _aინტერლეიკინ 10-ს და ინტერლეიკინ 12-ს პროგნოზული მნიშვნელობა C გეპატიტით პაციენტებში
653 _aმედიცინა
700 _aვაშაკიძე, ე.
_eსამეცნიერო ხელმძღვანელი
_911542
710 _aთბილისის სახ-ფო სამედიცინო უნ-ტი
_911543
942 _cBK
_2udc